Water light time / (Record no. 353378)

000 -LEADER
fixed length control field 00795 a2200265 4500
003 - CONTROL NUMBER IDENTIFIER
control field OSt
005 - DATE AND TIME OF LATEST TRANSACTION
control field 20180116192404.0
008 - FIXED-LENGTH DATA ELEMENTS--GENERAL INFORMATION
fixed length control field 120703t xxu||||| |||| 00| 0 eng d
010 ## - LIBRARY OF CONGRESS CONTROL NUMBER
LC control number 2006283960
020 ## - INTERNATIONAL STANDARD BOOK NUMBER
International Standard Book Number 0714846058 (pbk.)
020 ## - INTERNATIONAL STANDARD BOOK NUMBER
International Standard Book Number 9780714846057
035 ## - SYSTEM CONTROL NUMBER
System control number (OCoLC)ocm65468356
040 ## - CATALOGING SOURCE
Transcribing agency 0
082 04 - DEWEY DECIMAL CLASSIFICATION NUMBER
Classification number 778.73
100 1# - MAIN ENTRY--PERSONAL NAME
Personal name Doubilet, David.
9 (RLIN) 5491
245 10 - TITLE STATEMENT
Title Water light time /
Statement of responsibility, etc. David Doubilet.
260 ## - PUBLICATION, DISTRIBUTION, ETC.
Place of publication, distribution, etc. London :
Name of publisher, distributor, etc. Phaidon,
Date of publication, distribution, etc. 1999.
300 ## - PHYSICAL DESCRIPTION
Extent 1 v. (unpaged) :
Other physical details col. ill. ;
Dimensions 24 x 34 cm.
500 ## - GENERAL NOTE
General note Originally published: 1999.
600 10 - SUBJECT ADDED ENTRY--PERSONAL NAME
Personal name Doubilet, David.
9 (RLIN) 5492
650 10 - SUBJECT ADDED ENTRY--TOPICAL TERM
Topical term or geographic name entry element Underwater photography.
9 (RLIN) 5493
650 10 - SUBJECT ADDED ENTRY--TOPICAL TERM
Topical term or geographic name entry element Marine biology
9 (RLIN) 5494
942 ## - ADDED ENTRY ELEMENTS (KOHA)
Institution code [OBSOLETE] SADA
Koha item type Book
Call number prefix 778.73 DOU 1999
Source of classification or shelving scheme
952 ## - LOCATION AND ITEM INFORMATION (KOHA)
-- BOOK
Holdings
Withdrawn status Lost status Source of classification or shelving scheme Damaged status Not for loan Permanent Location Current Location Date acquired Total Checkouts Full call number Barcode Date last seen Cost, replacement price Price effective from Koha item type
          School of Art Design and Architecture (SADA) School of Art Design and Architecture (SADA) 06/30/2011   778.73 DOU 1999 SADA0001528 08/05/2011 2207.00 08/05/2011 Book
© 2023 Central Library, National University of Sciences and Technology. All Rights Reserved.